00574 2200217 4500001002100000005001500021035002000036245006500056100001200121250000600133300003500139700001200174260003900186082001200225084001800237020001800255650003200273990001700305990001700322990001700339INLIS00000000000024220180921103431 a0010-09180000961 aSelayang Pandang Jawa Tengah /cGiyarto; Ilustrator, Junarko0 aGiyarto a- aiv, 60 hlm. :bilus. ;c21 cm.0 aJunarko aKlaten :bPT Intan Pariwara,c2008 a911.598 a911.598 GIY s a979-28-0075-3 aGeografi Historis Indonesia a01004/P/2018 a01005/P/2018 a01006/P/2018